Cinética y termodinámica en bioquímica / (Record no. 36842)

MARC details
000 -LEADER
campo de control de longitud fija 00542nam a2200169 i 4500
001 - NÚMERO DE CONTROL
campo de control 36842
003 - IDENTIFICADOR DE NÚMERO DE CONTROL
campo de control ES-MaACL
005 - FECHA Y HORA DE LA ÚLTIMA TRANSACCIÓN
campo de control 20230906155443.0
007 - CAMPO FIJO DE DESCRIPCIÓN FÍSICA--INFORMACIÓN GENERAL
campo de control de longitud fija t|
008 - DATOS DE LONGITUD FIJA--INFORMACIÓN GENERAL
campo de control de longitud fija 030219s1953 sp ||||1| spa d
100 1# - ENTRADA PRINCIPAL--NOMBRE DE PERSONA
Nombre de persona Bray, H. G.
9 (RLIN) 31516
245 10 - MENCIÓN DEL TÍTULO
Título Cinética y termodinámica en bioquímica /
Mención de responsabilidad, etc. H. G. Bray y K. White ; versión española por Celso Gutiérrez Losa.
260 ## - PUBLICACIÓN, DISTRIBUCIÓN, ETC.
Lugar de publicación, distribución, etc. Zaragoza :
Nombre del editor, distribuidor, etc. Acribia,
Fecha de publicación, distribución, etc. 1953 (
Fabricante Imp. Librería General)
300 ## - DESCRIPCIÓN FÍSICA
Extensión 431 p. ;
Dimensiones 21 cm.
700 1# - ENTRADA AGREGADA--NOMBRE PERSONAL
Nombre de persona White, K.
9 (RLIN) 116668
852 ## - LOCALIZACIÓN
Ubicación ES-MaACL
Número de control de estantería C-14711
Sublocalización o colección R.42549
Holdings
Estatus retirado Estado de pérdida Estado de daño No para préstamo Biblioteca de origen Biblioteca actual Ubicación en estantería Fecha de adquisición Fuente de adquisición Total de préstamos Signatura topográfica completa Código de barras Visto por última vez Precio de reemplazo Tipo de ítem Koha
        Biblioteca del Ateneo de Madrid Biblioteca del Ateneo de Madrid Ficheros 17/01/2008     C-14711 1038745 23/02/2023 23/02/2023 Libro impreso